00447nam a2200169Ia 4500003000400000005001700004008004100021020001800062040000700080041000800087082001700095100001900112245006900131260004800200300001500248365001400263OSt20230328100252.0210423s2007 xx 000 0 und d a9780521603997 cAL aeng a813.409 CRAG aCRANE (Gregg). aCambridge introduction to the nineteenth-century American novel. aNew DelhibCambridge University Pressc2007 aix,238bPB b1349cINR